Engineering materials handbook (Record no. 26956)

MARC details
000 -LEADER
fixed length control field 00391nam a2200157Ia 4500
082 ## - DEWEY DECIMAL CLASSIFICATION NUMBER
Classification number 62(035)
Item number man
245 #0 - TITLE STATEMENT
Title Engineering materials handbook
260 ## - PUBLICATION, DISTRIBUTION, ETC. (IMPRINT)
Place of publication New York
Name of publisher McGraw Hill
Year of publication 1958
650 ## - SUBJECT ADDED ENTRY--TOPICAL TERM
Topical Term Concrete
650 ## - SUBJECT ADDED ENTRY--TOPICAL TERM
Topical Term Engineering steels
650 ## - SUBJECT ADDED ENTRY--TOPICAL TERM
Topical Term Reinforced metal
700 ## - ADDED ENTRY--PERSONAL NAME
Personal name L
700 ## - ADDED ENTRY--PERSONAL NAME
Personal name Mantell, Charles
942 ## - ADDED ENTRY ELEMENTS (KOHA)
Koha item type Books
Holdings
Withdrawn status Lost status Damaged status Not for loan Home library Current library Date acquired Cost, normal purchase price Full call number Accession Number Koha item type
        RRII Library RRII Library 16/12/2021 44.50 62(035) man 07587 Books